000 00813nac a22002171u 4500
020 _a0863566758
022 _a9780863566752
082 _bHAL
_a327.56073
090 _c7205
_d7205
100 _aHale, William.
245 _aTurkey, The US and Iraq/
_cWilliam Hale.
260 _aLondon:
_bMiddle East Institute SOAS,c.2007.
_cc.2007.
300 _a200p;
_c19cm.
490 _aSAOS Middle East Series.
500 _aDistributer: Baccah.
511 _aCatalogued By: Mahitab.
650 _aMiddle East--Foreign relations--United States--Congresses.
650 _aUnited States--Foreign relations--Middle East--Congresses.
942 _cBB
_k327.56073HAL
999 _c7205
_d7205